[Event "SK Münster 3 - SG Turm Raesfeld/Erle 1"]
[Site "Regionalliga Münsterland 2018"]
[Date "2019.03.23"]
[Round "8.4"]
[White "Kamp, Adrian"]
[Black "Borutta, Niklas"]
[Result "1-0"]
[WhiteElo "1890"]
[BlackElo "2036"]
[PlyCount "113"]
[EventDate "2019.??.??"]
[SourceDate "2018.09.09"]

1. e4 c5 2. d4 cxd4 3. c3 Nf6 4. e5 Nd5 5. Nf3 Nc6 6. Bc4 Nb6 7. Bb3 d6 8. exd6
Qxd6 9. O-O Be6 10. Na3 Bxb3 11. Qxb3 Qd5 12. Nb5 Rc8 13. Nfxd4 Nxd4 14. Nxd4
e6 15. Rd1 Qxb3 16. axb3 a6 17. b4 Be7 18. b5 e5 19. Nf5 axb5 20. Nxg7+ Kf8 21.
Bh6 f6 22. Ra7 Rb8 23. Nf5+ Kf7 24. Be3 Na4 25. Rd7 Ke6 26. Rxe7+ Kxf5 27.
Raxb7 Nxb2 28. f3 h5 29. Kf1 Na4 30. Bd2 Rhc8 31. Rxb8 Rxb8 32. Rh7 Rc8 33.
Rxh5+ Ke6 34. Rh4 Kd5 35. Rb4 Nxc3 36. Bxc3 Rxc3 37. Rxb5+ Ke6 38. Kf2 Rc2+ 39.
Kg3 Kf5 40. h4 Rc1 41. Rb6 Rh1 42. Ra6 Rb1 43. Kh2 Kg6 44. Kh3 Kg7 45. Kg4 Rb4+
46. Kh5 Rb7 47. g3 Rb3 48. Ra7+ Kf8 49. Kg4 Rb4+ 50. Kh5 Rb3 51. Kg4 Rb4+ 52.
f4 exf4 53. gxf4 Kg8 54. Kf5 Rb1 55. Kxf6 Rh1 56. h5 Rxh5 57. Kg6 1-0

[Event "SK Münster 3 - SG Turm Raesfeld/Erle 1"]
[Site "Regionalliga Münsterland 2018"]
[Date "2019.03.23"]
[Round "8.5"]
[White "Bergemann, Martin"]
[Black "Toval, David"]
[Result "1/2-1/2"]
[WhiteElo "1926"]
[BlackElo "1840"]
[PlyCount "63"]
[EventDate "2019.??.??"]
[SourceDate "2018.09.09"]

1. d4 Nf6 2. Bg5 g6 3. Bxf6 exf6 4. e3 d5 5. Ne2 Bd6 6. Nd2 b6 7. g3 Bb7 8. Bg2
O-O 9. O-O Na6 10. c4 c6 11. cxd5 cxd5 12. Qb3 Bb4 13. Rfd1 Qd7 14. Nf4 Rfd8
15. Nf3 Bc6 16. Rdc1 Ba4 17. Qd3 Bb5 18. Qd1 Nc7 19. Qb3 a5 20. Bh3 Qe7 21.
Rxc7 Qxc7 22. Nxd5 Rxd5 23. Qxd5 Bc6 24. Qc4 b5 25. Qe2 Qb7 26. Bg2 Bd5 27. a3
Bd6 28. Ne1 Rc8 29. e4 Re8 30. f3 f5 31. e5 Qb6 32. f4 1/2-1/2

[Event "SK Münster 3 - SG Turm Raesfeld/Erle 1"]
[Site "Regionalliga Münsterland 2018"]
[Date "2019.03.23"]
[Round "8.6"]
[White "Schroeder, Lennart"]
[Black "Broemmel, Rudolf"]
[Result "0-1"]
[WhiteElo "1818"]
[BlackElo "1906"]
[PlyCount "86"]
[EventDate "2019.??.??"]
[SourceDate "2018.09.09"]

1. d4 Nc6 2. Nf3 d5 3. g3 g6 4. Bg2 Bg7 5. O-O e6 6. b3 Nge7 7. Bb2 O-O 8. Nbd2
Nf5 9. e3 b6 10. Qe2 Bb7 11. Rac1 Nce7 12. c4 dxc4 13. Nxc4 Nd6 14. Rfd1 Rc8
15. Nce5 Qe8 16. Rd2 f6 17. Nd3 a5 18. Nf4 Nd5 19. Rdc2 Rf7 20. Ba3 Nb5 21. Bb2
Nb4 22. Rd2 Nxa2 23. Bh3 Nxc1 24. Bxc1 f5 25. Ng5 Qc6 26. Bg2 Qxc1+ 27. Rd1 Nc3
28. Rxc1 Nxe2+ 29. Nxe2 Bxg2 30. Kxg2 Re7 31. Nf4 e5 32. Nd5 Ree8 33. Rxc7 Rxc7
34. Nxc7 Re7 35. Nd5 Rb7 36. Ne6 exd4 37. Nxd4 Bxd4 38. exd4 Kf7 39. Ne3 b5 40.
Kf3 a4 41. b4 a3 42. Nc2 Rc7 43. Na1 Rc1 0-1

[Event "SK Münster 3 - SG Turm Raesfeld/Erle 1"]
[Site "Regionalliga Münsterland 2018"]
[Date "2019.03.23"]
[Round "8.7"]
[White "Boelker, Franz"]
[Black "Janssen, Dirk"]
[Result "0-1"]
[WhiteElo "1785"]
[BlackElo "1962"]
[PlyCount "88"]
[EventDate "2019.??.??"]
[SourceDate "2018.09.09"]

1. d4 e6 2. c4 d5 3. Nc3 c5 4. e3 Nf6 5. Nf3 a6 6. a4 cxd4 7. exd4 Bb4 8. Bd2
Nc6 9. cxd5 Nxd5 10. Nxd5 Qxd5 11. Bc3 O-O 12. Be2 Bxc3+ 13. bxc3 Rd8 14. O-O
e5 15. c4 Qd6 16. d5 Ne7 17. Rb1 b6 18. Qb3 Bf5 19. Bd3 e4 20. Nd4 exd3 21.
Nxf5 Nxf5 22. Qxd3 Qf6 23. a5 bxa5 24. c5 g6 25. Rfd1 Rab8 26. c6 Rxb1 27. Rxb1
Qxc6 28. Qxf5 Rxd5 29. Qf4 a4 30. Qh6 Qd6 31. Qc1 a3 32. g3 a2 33. Ra1 Rd2 34.
Qc8+ Kg7 35. Qc3+ f6 36. Kg2 Qd5+ 37. Qf3 Qxf3+ 38. Kxf3 Kf7 39. Ke3 Rb2 40. h4
Ke6 41. f3 Kd5 42. Kd3 Kc5 43. Rc1+ Kb4 44. Rc4+ Kb5 0-1

[Event "SK Münster 3 - SG Turm Raesfeld/Erle 1"]
[Site "Regionalliga Münsterland 2018"]
[Date "2019.03.23"]
[Round "8.8"]
[White "Vogenauer, Nikolas"]
[Black "Kadenbach, Wolfgang"]
[Result "1-0"]
[WhiteElo "1857"]
[BlackElo "1733"]
[PlyCount "56"]
[EventDate "2019.??.??"]
[SourceDate "2018.09.09"]

1. e4 e6 2. d4 d5 3. Nc3 Bb4 4. e5 c5 5. a3 Bxc3+ 6. bxc3 Qc7 7. Bd3 cxd4 8.
cxd4 Qc3+ 9. Bd2 Qxd4 10. Nf3 Qa4 11. Qe2 a6 12. O-O Ne7 13. Rfc1 b5 14. Re1
Nbc6 15. Bb4 Nxb4 16. axb4 Qxb4 17. Bxb5+ axb5 18. Rxa8 O-O 19. h3 Qc5 20. Rb1
b4 21. Ne1 Nc6 22. Nd3 Qc4 23. Nc1 Qc3 24. f4 Bd7 25. Rxf8+ Kxf8 26. Nd3 Qd4+
27. Qf2 Qe4 28. Nc5 Nxe5 1-0

[Event "SG Ahaus-Wessum 1 - SC Rochade Emsdette"]
[Site "Regionalliga Münsterland 2018"]
[Date "2019.03.23"]
[Round "8.1"]
[White "Kabatianski, Alexander"]
[Black "Wensing, Maximilian"]
[Result "1/2-1/2"]
[WhiteElo "2328"]
[BlackElo "2075"]
[PlyCount "70"]
[EventDate "2019.??.??"]
[SourceDate "2018.09.09"]

1. c4 Nf6 2. Nc3 d5 3. cxd5 Nxd5 4. g3 g6 5. Bg2 c6 6. Nf3 Bg7 7. O-O O-O 8. d4
Nb6 9. h3 h6 10. e4 Be6 11. Qc2 Na6 12. a3 Qd7 13. Kh2 Rad8 14. Rd1 Qc8 15. b3
f5 16. Bb2 fxe4 17. Nxe4 Bd5 18. Re1 Qf5 19. Re3 Nc8 20. Rae1 Nd6 21. Nh4 Bxe4
22. Rxe4 Qxf2 23. R4e2 Qf6 24. Nxg6 Nf5 25. Nxf8 Rxf8 26. Qd3 Qd6 27. Be4 Nxd4
28. Bxd4 Bxd4 29. Bh7+ Kh8 30. Rxe7 Nc5 31. Qg6 Rf2+ 32. Kh1 Qd5+ 33. R1e4 Rf1+
34. Kg2 Rf2+ 35. Kh1 Rf1+ 1/2-1/2

[Event "SG Ahaus-Wessum 1 - SC Rochade Emsdette"]
[Site "Regionalliga Münsterland 2018"]
[Date "2019.03.23"]
[Round "8.2"]
[White "Schulze Ameling, Hendrik"]
[Black "De Groote, Ewoud"]
[Result "1-0"]
[WhiteElo "1983"]
[BlackElo "2212"]
[PlyCount "49"]
[EventDate "2019.??.??"]
[SourceDate "2018.09.09"]

1. d4 Nf6 2. c4 e6 3. Nc3 Bb4 4. e3 c5 5. a3 Bxc3+ 6. bxc3 d6 7. Bd3 Nc6 8. Ne2
e5 9. O-O e4 10. Bb1 Bg4 11. Bxe4 Nxe4 12. f3 Bh5 13. fxe4 Qe7 14. e5 dxe5 15.
d5 Na5 16. e4 O-O 17. Qd3 Bxe2 18. Qxe2 b6 19. Be3 Qb7 20. h4 Qe7 21. h5 Qh4
22. Bf2 Qf4 23. Bxc5 Qxf1+ 24. Rxf1 bxc5 25. h6 1-0

[Event "SG Ahaus-Wessum 1 - SC Rochade Emsdette"]
[Site "Regionalliga Münsterland 2018"]
[Date "2019.03.23"]
[Round "8.3"]
[White "Lehmann, Holger"]
[Black "Rosing, Hermann"]
[Result "1-0"]
[WhiteElo "2139"]
[BlackElo "1991"]
[PlyCount "85"]
[EventDate "2019.??.??"]
[SourceDate "2018.09.09"]

1. d4 f5 2. c4 Nf6 3. g3 g6 4. Bg2 Bg7 5. Nf3 d6 6. O-O c6 7. b4 O-O 8. Bb2 Qe8
9. a4 Na6 10. Qb3 Nc7 11. Nbd2 h6 12. Rfe1 Qf7 13. e4 fxe4 14. Nxe4 Nxe4 15.
Rxe4 Bf5 16. Re3 g5 17. Rae1 Rae8 18. h3 Be6 19. d5 Bd7 20. Bxg7 Kxg7 21. Qb2+
Kg8 22. dxc6 bxc6 23. Qe2 e6 24. Nd4 d5 25. Nf3 Qg7 26. Ne5 Rf6 27. b5 cxb5 28.
cxb5 Ref8 29. Rf3 Ne8 30. Qe3 Bc8 31. Qc5 Rxf3 32. Bxf3 Nf6 33. Bg2 Ne4 34.
Bxe4 dxe4 35. Rxe4 Bb7 36. Nc6 Qf6 37. Qe3 Bxc6 38. bxc6 e5 39. c7 Qc6 40. Rxe5
Qxc7 41. Re7 Qc4 42. Qe6+ Qxe6 43. Rxe6 1-0

[Event "SG Ahaus-Wessum 1 - SC Rochade Emsdette"]
[Site "Regionalliga Münsterland 2018"]
[Date "2019.03.23"]
[Round "8.4"]
[White "Winking, Hendrik"]
[Black "Paalman, Henk Jan"]
[Result "1/2-1/2"]
[WhiteElo "1927"]
[BlackElo "2159"]
[PlyCount "88"]
[EventDate "2019.??.??"]
[SourceDate "2018.09.09"]

1. d4 Nf6 2. Nf3 g6 3. c4 c5 4. e3 Bg7 5. Nc3 O-O 6. Bd3 cxd4 7. exd4 d5 8. h3
Nc6 9. O-O b6 10. cxd5 Nb4 11. Bc4 Nbxd5 12. Qb3 Bb7 13. Bg5 Nxc3 14. bxc3 Bxf3
15. gxf3 Qd7 16. Kg2 Qf5 17. Qb5 Rac8 18. Bd2 e5 19. Bd3 Qd7 20. Qxd7 Nxd7 21.
Bb5 Rfd8 22. Bg5 f6 23. Bd2 Nf8 24. Rac1 Ne6 25. Be3 Bf8 26. dxe5 fxe5 27. Rfd1
Rxd1 28. Rxd1 Rxc3 29. Rd7 Rc7 30. Rxc7 Nxc7 31. Bc4+ Kg7 32. f4 Bd6 33. fxe5
Bxe5 34. Kf3 Kf6 35. Ke4 Ne6 36. h4 Bd6 37. Bd2 Bc5 38. Bc3+ Ke7 39. f4 Bf2 40.
h5 gxh5 41. Kf5 Nc5 42. Bg8 h4 43. Kg4 Ne4 44. Be5 Nf6+ 1/2-1/2

[Event "SG Ahaus-Wessum 1 - SC Rochade Emsdette"]
[Site "Regionalliga Münsterland 2018"]
[Date "2019.03.23"]
[Round "8.5"]
[White "Ortmeier, Leonhard"]
[Black "Woltering, Martin"]
[Result "1-0"]
[WhiteElo "2107"]
[BlackElo "1818"]
[PlyCount "49"]
[EventDate "2019.??.??"]
[SourceDate "2018.09.09"]

1. Nf3 e6 2. g3 d5 3. Bg2 Bd6 4. c4 c6 5. d4 f5 6. Nc3 Nf6 7. Bf4 Bxf4 8. gxf4
Nbd7 9. Ne5 O-O 10. e3 Ne4 11. Rc1 Qh4 12. Nxe4 fxe4 13. Qg4 Qxg4 14. Nxg4 h5
15. Ne5 Nxe5 16. dxe5 g5 17. fxg5 Rf5 18. h4 Bd7 19. Bh3 Rxe5 20. cxd5 cxd5 21.
Rc7 Rc8 22. Rxc8+ Bxc8 23. Kd2 d4 24. exd4 Rd5 25. Ke3 1-0

[Event "SG Ahaus-Wessum 1 - SC Rochade Emsdette"]
[Site "Regionalliga Münsterland 2018"]
[Date "2019.03.23"]
[Round "8.6"]
[White "Terdues, Guido"]
[Black "Mueller, Achim"]
[Result "0-1"]
[WhiteElo "1754"]
[BlackElo "2049"]
[PlyCount "58"]
[EventDate "2019.??.??"]
[SourceDate "2018.09.09"]

1. f4 c5 2. Nf3 Nf6 3. e3 g6 4. d4 Bg7 5. c3 O-O 6. Bd3 d6 7. O-O Nc6 8. Qc2
Bd7 9. dxc5 dxc5 10. Nbd2 Qc7 11. Nc4 b5 12. Nce5 c4 13. Nxd7 Qxd7 14. Be2 Qf5
15. Qxf5 gxf5 16. Nd4 Nxd4 17. exd4 e6 18. Bf3 Rab8 19. Re1 Rfd8 20. h3 Nd5 21.
Bd2 b4 22. Rab1 Rb6 23. Be2 Rdb8 24. Rbc1 Rc8 25. Rb1 bxc3 26. bxc3 Ra6 27. Rb2
Ra3 28. Rc2 Nxc3 29. Bxc3 Rxc3 0-1

[Event "SG Ahaus-Wessum 1 - SC Rochade Emsdette"]
[Site "Regionalliga Münsterland 2018"]
[Date "2019.03.23"]
[Round "8.7"]
[White "Hiller, Simon"]
[Black "Parameswaran, Vithushan"]
[Result "1-0"]
[WhiteElo "2136"]
[BlackElo "1818"]
[PlyCount "107"]
[EventDate "2019.??.??"]
[SourceDate "2018.09.09"]

1. Nf3 f5 2. g3 Nf6 3. Bg2 g6 4. b3 Bg7 5. Bb2 O-O 6. O-O d6 7. d4 Qe8 8. d5
Na6 9. c4 Bd7 10. Nbd2 Nc5 11. b4 Nce4 12. Nxe4 Nxe4 13. Bxg7 Kxg7 14. Nd4 e5
15. dxe6 Bxe6 16. Nb5 Qf7 17. Rc1 Kg8 18. Qc2 a6 19. Nd4 c5 20. Nxe6 Qxe6 21.
a3 Rac8 22. Qd3 b5 23. cxb5 c4 24. Qd4 axb5 25. Rfd1 Rfd8 26. Qd5 Qxd5 27. Rxd5
Ra8 28. Bxe4 fxe4 29. Rxb5 d5 30. Rd1 d4 31. Rc5 d3 32. exd3 cxd3 33. Rc3 Rac8
34. Rb3 Kf7 35. b5 Rd4 36. b6 Ke6 37. f3 Kd5 38. b7 Rb8 39. Kf2 Kc4 40. Rb4+
Kd5 41. Ke3 Rxb4 42. axb4 Rxb7 43. fxe4+ Ke5 44. Rxd3 Rxb4 45. Rd5+ Kf6 46. h4
Rb1 47. Rd7 Re1+ 48. Kf3 h6 49. Rd6+ Kf7 50. Ra6 Kg7 51. Kf4 Rf1+ 52. Ke5 h5
53. Ra7+ Kh6 54. Ra3 1-0

[Event "SG Ahaus-Wessum 1 - SC Rochade Emsdette"]
[Site "Regionalliga Münsterland 2018"]
[Date "2019.03.23"]
[Round "8.8"]
[White "Wegener, Leon"]
[Black "Noering, Andreas"]
[Result "1/2-1/2"]
[WhiteElo "1624"]
[BlackElo "1829"]
[PlyCount "34"]
[EventDate "2019.??.??"]
[SourceDate "2018.09.09"]

1. e4 e5 2. Nf3 Nf6 3. d3 Nc6 4. Be3 d5 5. exd5 Nxd5 6. Bd2 Be7 7. Nc3 O-O 8.
Nxd5 Qxd5 9. Be2 Re8 10. O-O Bg4 11. c4 Qd7 12. Bc3 Bb4 13. Bxb4 Nxb4 14. Nxe5
Rxe5 15. Bxg4 Qxd3 16. a3 Qxd1 17. Raxd1 Nc6 1/2-1/2